Statistics for New Zealand Super Rugby Head Coaches

Click here to take the quiz!

General Stats

  • This quiz has been taken 219 times
    (77 since last reset)
  • The average score is 20 of 40

Answer Stats

TeamYearCoach% Correct
Crusaders2017- PresentScott Robertson
97%
Blues2016-2018Tana Umaga
92%
Highlanders2017, 2021Tony Brown
87%
Blues1996-1998Graham Henry
85%
Blues2019 - PresentLeon MacDonald
84%
Chiefs2020Warren Gatland
84%
Highlanders2011-2016Jamie Joseph
82%
Crusaders2001-2008Robbie Deans
79%
Crusaders2009-2016Todd Blackadder
79%
Highlanders2018-2020Aaron Mauger
66%
Chiefs2012-2017Dave Rennie
64%
Crusaders1997-1999Wayne Smith
64%
Hurricanes2019John Plumtree
62%
Chiefs2004-2011Ian Foster
61%
Hurricanes2003-2010Colin Cooper
57%
Blues2013-2015John Kirwan
57%
Highlanders2004-2007Greg Cooper
56%
Chiefs1998-2000Ross Cooper
56%
Chiefs2001John Mitchell
54%
Blues2009-2012Pat Lam
49%
Hurricanes2020-PresentJason Holland
46%
Hurricanes2016-2018Chris Boyd
44%
Highlanders2002-2003Laurie Mains
44%
Hurricanes2011-2015Mark Hammett
44%
Chiefs2021Clayton McMillan
34%
Blues2000Gordon Hunter
33%
Highlanders1996Gordon Hunter
33%
Blues2006-2008David Nucifora
30%
Blues2001Frank Oliver
30%
Hurricanes1996-1999Frank Oliver
30%
Highlanders1998-1999Tony Gilbert
30%
Blues1999Jed Rowlands
26%
Highlanders2000-2001Peter Sloane
26%
Blues2002-2005Peter Sloane
26%
Highlanders1997Glen Ross
23%
Crusaders1996Vance Stewart
21%
Hurricanes2000-2002Graham Mourie
20%
Chiefs1996-1997Brad Meurant
15%
Highlanders2008-2010Glenn Moore
15%
Chiefs2002-2003Kevin Greene
13%

Score Distribution

Percentile by Number Answered

Percent of People with Each Score

Your Score History

You have not taken this quiz since the last reset